Linear strips of rain forest vegetation as potential dispersal corridors for forest insects (Registro nro. 11927)

Detalles MARC
000 -CABECERA
Campo de control 005340000a22001690004500
090 ## - CLASIFICACIÓN LOCAL
Colección AR
Consecutivo 02867
041 0# - IDIOMA
Código de idioma para texto/pista de sonido o título separado
100 1# - ASIENTO PRINCIPAL--NOMBRE PERSONAL
Nombre personal Hill, C. J.
245 10 - MENCION DE TITULO
Título Linear strips of rain forest vegetation as potential dispersal corridors for forest insects
650 14 - ASIENTO SECUNDARIO DE MATERIA - TERMINO TEMATICO
Término temático o nombre geográfico como elemento de entrada Insectos
650 14 - ASIENTO SECUNDARIO DE MATERIA - TERMINO TEMATICO
Término temático o nombre geográfico como elemento de entrada Bioindicadores
650 14 - ASIENTO SECUNDARIO DE MATERIA - TERMINO TEMATICO
Término temático o nombre geográfico como elemento de entrada Corredores ecológicos
650 14 - ASIENTO SECUNDARIO DE MATERIA - TERMINO TEMATICO
Término temático o nombre geográfico como elemento de entrada Movilidad animal
650 14 - ASIENTO SECUNDARIO DE MATERIA - TERMINO TEMATICO
Término temático o nombre geográfico como elemento de entrada Bosques tropicales
773 1# - Item fuente:
Título Conservation Biology
Especificación de materiales 24
Descripción física 6
Paginas del Articulo 1559-1565
Lugar, editorial y fecha de publicación 1995
Información sobre la relación 9
942 ## - ELEMENTOS ADICIONALES (KOHA)
Tipo de ítem Artículo
Existencias
Withdrawn status Lost status Damaged status No para préstamo Colección Ubicación Permanente Ubicación actual Fecha de adquisición Datos de publicación Seriada Total Checkouts Número topográfico Inventario / Código de Barras Date last seen Ejemplar Price effective from Forma de adquisición Tipo de material
      No para Préstamo Hemeroteca Bogotá Bogotá 27/02/2015 Fuera de circulación   AR 02867 013276 25/03/2015 1 25/03/2015   Artículo